| 000 | 00973nam a22002657a 4500 | ||
|---|---|---|---|
| 001 | 4833 | ||
| 003 | FISKH | ||
| 005 | 20241018114356.0 | ||
| 008 | 241017b cb ||||| |||| 00| 0 eng d | ||
| 020 | _a9781402756610 | ||
| 040 |
_aFISKH _beng _cFISKH _dFISKH |
||
| 050 | _aQL677.A76 | ||
| 082 | _a598.153 | ||
| 100 | _aArnosky, Jim | ||
| 245 |
_aThunder Birds /: _b Nature's Flying Predators / _cby Jim Arnosky |
||
| 260 |
_aNew York : _bSterling Publishing Co, Inc ; _c2011 . |
||
| 300 |
_a29 pages : _bcolor illustrations; _c30 cm . |
||
| 505 | _aZ | ||
| 520 | _aThe author describes and identifies winged predators, and explains why there are no feathers on a vulture's head, which bird is the deep-diving champ, and what makes an owl's wings perfectly silent in flight, in a text with fold-out pages. | ||
| 521 | 8 |
_a1140
_bLexile NC |
|
| 521 | 8 |
_aZ
_bRaz-Plus |
|
| 650 |
_abirds of prey _vnon-fiction |
||
| 942 |
_2ddc _cBK _n0 |
||
| 999 |
_c4833 _d4833 |
||